Catálogo
 En Linea

Cuentos hebreos contemporáneos . (Registro nro. 22797)

Detalles MARC
000 -CABECERA
campo de control de longitud fija 00708nam a2200181 a 4500
001 - NÚMERO DE CONTROL
campo de control 000023300
005 - FECHA Y HORA DE LA ÚLTIMA TRANSACCIÓN
campo de control 20200930022125.0
008 - DATOS DE LONGITUD FIJA--INFORMACIÓN GENERAL
campo de control de longitud fija 101201s1973 ck r 000 c spa d
040 ## - FUENTE DE LA CATALOGACIÓN
Centro catalogador/agencia de origen DO-SdBNP
Lengua de catalogación spa
Centro/agencia transcriptor BNPHU
082 ## - NÚMERO DE LA CLASIFICACIÓN DECIMAL DEWEY
Número de clasificación xxx
Número de documento/Ítem C965h
049 ## - FONDOS LOCALES (OCLC)
Fondos de biblioteca BNGR
245 10 - MENCIÓN DE TÍTULO
Título Cuentos hebreos contemporáneos .
260 ## - PUBLICACIÓN, DISTRIBUCIÓN, ETC.
Lugar de publicación, distribución, etc. Bogotá :
Nombre del editor, distribuidor, etc. Instituto Colombiana de Cultura,
Fecha de publicación, distribución, etc. 1973.
300 ## - DESCRIPCIÓN FÍSICA
Extensión 110 p. ;
Dimensiones 17 cm.
440 #0 - MENCIÓN DE SERIE/PUNTO DE ACCESO ADICIONAL--TÍTULO
Título Biblioteca Colombiana de Cultura. Popular,
Designación de volumen o secuencia 114
9 (RLIN) 47976
505 0# - NOTA DE CONTENIDO CON FORMATO
Nota de contenido con formato Berta /
-- A. Appelfeld.
-- El paseo vespertino de Yatir /
-- A. B. Iehoschva.
-- Las muertes de mi padre /
-- I. Amijai.
-- La historia de una luciérnaga /
-- P. Sadé
830 #0 - PUNTO DE ACCESO ADICIONAL DE SERIE-TÍTULO UNIFORME
Título uniforme Biblioteca Colombiana de Cultura. Popular,
Designación de volumen o secuencia 114
9 (RLIN) 47976
Existencias
Estado de retiro Estado de pérdida Restricciones de uso No para préstamo Código de colección Localización permanente Ubicación/localización actual Ubicación en estantería Fecha de adquisición Número de inventario Total de préstamos Signatura topográfica completa Código de barras Fecha visto por última vez Precio válido a partir de Tipo de ítem Koha
      Excluido de préstamo Monografías: Libros y Folletos General General En catalogación 01.12.2010 LF1   xxx C965h 23300-10 25.06.2020 25.06.2020 No se presta

Con tecnología Koha